Lean logistics in a selected company diplomová práca

Salvato in:
Dettagli Bibliografici
Autore principale: Lavrinienko, Anastasiia
Ente Autore: Fakulta podnikového manažmentu EU. Katedra manažmentu výroby a logistiky - zrušená
Altri autori: Džubáková, Martina
Natura: Libro
Lingua:inglese
Pubblicazione: Bratislava 2018
Tags: Aggiungi Tag
Nessun Tag, puoi essere il primo ad aggiungerne!!

MARC

LEADER 00000nbm a2200000 4500
001 0244794
005 20181009130633.0
041 0 |a eng 
044 |a SK 
245 1 0 |a Lean logistics in a selected company  |b diplomová práca  |c Anastasiia Lavrinienko ; školiteľ: Martina Džubáková 
264 1 |a Bratislava  |c 2018 
300 |a 73 s. 
100 1 |a Lavrinienko, Anastasiia 
700 1 |a Džubáková, Martina 
710 2 |a Fakulta podnikového manažmentu EU. Katedra manažmentu výroby a logistiky - zrušená